[Event "Bundesliga 2324"]
[Site "Germany"]
[Date "2024.03.16"]
[Round "12.3"]
[White "Andersen, Mads"]
[Black "Dragnev, Valentin"]
[Result "1-0"]
[WhiteElo "2606"]
[BlackElo "2586"]
[PlyCount "85"]
[EventDate "2023.10.21"]
[EventType "team-tourn"]
[EventRounds "15"]
[EventCountry "GER"]
[SourceTitle "CB13_2024"]
[SourceDate "2024.03.27"]
[SourceVersion "1"]
[SourceVersionDate "2024.03.27"]
[SourceQuality "1"]
[WhiteTeam "Solingen"]
[BlackTeam "Bayern Muenchen"]
[WhiteTeamCountry "GER"]
[BlackTeamCountry "GER"]

1. e4 e5 2. Nf3 Nc6 3. Bb5 a6 4. Ba4 Nf6 5. d3 Bc5 6. Bxc6 dxc6 7. Nbd2 Be6 8. 0-0 Qd6 9. Qe1 Nd7 10. Nb3 Bg4 11. Nfd2 Qg6 12. Kh1 Be7 13. Nc4 Qh5 14. f4 Bh4 15. Qe3 exf4 16. Qxf4 0-0-0 17. Nd4 Nc5 18. Ne5 Ne6 19. Nxe6 Bxe6 20. g4 Qh6 21. Qxh6 gxh6 22. Bxh6 Rhg8 23. Nxf7 Rde8 24. Ne5 Be7 25. h3 Bd6 26. Nf3 Rg6 27. Bd2 h5 28. gxh5 Rg3 29. Ng5 Rg8 30. h4 Rg4 31. Be1 Bd7 32. Rg1 Rh8 33. Rxg4 Bxg4 34. Kg2 Rxh5 35. Bg3 Be7 36. Bf4 Bd7 37. Kg3 Rh8 38. Rf1 Rg8 39. Be3 Bd6+ 40. Bf4 Be7 41. d4 b5 42. b3 a5 43. Bd2 1-0

[Event "DEN-chT 2324 61st"]
[Site "Denmark"]
[Date "2024.03.03"]
[Round "7.2"]
[White "Lauridsen, Jesper Morch"]
[Black "Andersen, Mads"]
[Result "1/2-1/2"]
[WhiteElo "2304"]
[BlackElo "2606"]
[PlyCount "99"]
[EventDate "2023.10.28"]
[EventType "team-tourn"]
[EventRounds "9"]
[EventCountry "DEN"]
[SourceTitle "CB11_2024"]
[SourceDate "2024.03.13"]
[SourceVersion "1"]
[SourceVersionDate "2024.03.13"]
[SourceQuality "1"]
[WhiteTeam "Copenhagen 68"]
[BlackTeam "Skanderborg Nordea"]
[WhiteTeamCountry "DEN"]
[BlackTeamCountry "DEN"]

1. e4 c6 2. d4 d5 3. exd5 cxd5 4. Nf3 Nc6 5. c4 Nf6 6. Nc3 Bg4 7. cxd5 Nxd5 8. Qb3 Bxf3 9. gxf3 e6 10. Qxb7 Nxd4 11. Bb5+ Nxb5 12. Qc6+ Ke7 13. Qc5+ Nd6 14. Nxd5+ Kd7 15. 0-0 Qc8 16. Qxc8+ Rxc8 17. Nc3 e5 18. f4 e4 19. Be3 a6 20. Rad1 Ke6 21. Rd5 f6 22. Rfd1 Be7 23. Bc5 Rhd8 24. Bxd6 Bxd6 25. Nxe4 Bc7 26. Nc5+ Kf7 27. Rd7+ Kg6 28. Ne6 Rxd7 29. Rxd7 Bb8 30. Rb7 Kf5 31. Nxg7+ Kxf4 32. Nh5+ Kg5 33. Ng3 Be5 34. Ne4+ Kf4 35. Nc3 Bxc3 36. bxc3 Rxc3 37. Rxh7 Ra3 38. Rh4+ Kg5 39. Rc4 Rxa2 40. Kg2 a5 41. h4+ Kh5 42. Rf4 Ra3 43. Rxf6 Kxh4 44. Kf1 Kg5 45. Rf8 a4 46. Ke2 Ra1 47. Kd2 Rb1 48. Ra8 Rb2+ 49. Kc3 Rxf2 50. Rxa4 1/2-1/2

[Event "Bundesliga 2324"]
[Site "Germany"]
[Date "2024.02.25"]
[Round "11.6"]
[White "Neugebauer, Martin"]
[Black "Andersen, Mads"]
[Result "1/2-1/2"]
[WhiteElo "2529"]
[BlackElo "2606"]
[PlyCount "53"]
[EventDate "2023.10.21"]
[EventType "team-tourn"]
[EventRounds "15"]
[EventCountry "GER"]
[SourceTitle "CB09_2024"]
[SourceDate "2024.02.28"]
[SourceVersion "1"]
[SourceVersionDate "2024.02.28"]
[SourceQuality "1"]
[WhiteTeam "Heimbach Weis Neuwied"]
[BlackTeam "Solingen"]
[WhiteTeamCountry "GER"]
[BlackTeamCountry "GER"]

1. e4 e5 2. Nf3 Nc6 3. Bb5 a6 4. Ba4 Nf6 5. d3 b5 6. Bb3 Bc5 7. c3 d6 8. 0-0 Ba7 9. a4 b4 10. a5 Rb8 11. Nbd2 0-0 12. h3 h6 13. Nc4 bxc3 14. bxc3 Be6 15. Re1 Qc8 16. Ba4 Ne7 17. Be3 Bxe3 18. Nxe3 Qb7 19. Qc2 Bb3 20. Bxb3 Qxb3 21. Reb1 Qxc2 22. Nxc2 Nc6 23. Nd2 Rxb1+ 24. Rxb1 Nxa5 25. Nb4 Ra8 26. Ra1 Nb7 27. Rxa6 1/2-1/2

[Event "Bundesliga 2324"]
[Site "Germany"]
[Date "2024.02.03"]
[Round "7.7"]
[White "Andersen, Mads"]
[Black "Teclaf, Pawel"]
[Result "1/2-1/2"]
[WhiteElo "2606"]
[BlackElo "2585"]
[PlyCount "40"]
[EventDate "2023.10.21"]
[EventType "team-tourn"]
[EventRounds "15"]
[EventCountry "GER"]
[SourceTitle "CB06_2024"]
[SourceDate "2024.02.07"]
[SourceVersion "1"]
[SourceVersionDate "2024.02.07"]
[SourceQuality "1"]
[WhiteTeam "Solingen"]
[BlackTeam "Kiel Turm"]
[WhiteTeamCountry "GER"]
[BlackTeamCountry "GER"]

1. e4 c5 2. Nf3 e6 3. d4 cxd4 4. Nxd4 a6 5. c4 Nf6 6. Nc3 Bb4 7. Qd3 d5 8. exd5 exd5 9. Be2 0-0 10. 0-0 Nc6 11. Nxc6 bxc6 12. cxd5 Nxd5 13. Nxd5 Qxd5 14. Be3 Be6 15. Rfd1 Qxd3 16. Bxd3 Bd5 17. Bc2 a5 18. Ba4 f5 19. Rdc1 f4 20. Bc5 Rf6 1/2-1/2

[Event "DEN-chT 2324 61st"]
[Site "Denmark"]
[Date "2024.01.28"]
[Round "6.4"]
[White "Andersen, Mads"]
[Black "Sylvan, Jacob"]
[Result "1/2-1/2"]
[WhiteElo "2606"]
[BlackElo "2296"]
[PlyCount "39"]
[EventDate "2023.10.28"]
[EventType "team-tourn"]
[EventRounds "9"]
[EventCountry "DEN"]
[SourceTitle "CB11_2024"]
[SourceDate "2024.03.13"]
[SourceVersion "1"]
[SourceVersionDate "2024.03.13"]
[SourceQuality "1"]
[WhiteTeam "Skanderborg Nordea"]
[BlackTeam "Nordkalotten"]
[WhiteTeamCountry "DEN"]
[BlackTeamCountry "DEN"]

1. e4 c5 2. Nf3 Nc6 3. d4 cxd4 4. Nxd4 e6 5. Nc3 Qc7 6. Be3 a6 7. a3 b5 8. Nxc6 Qxc6 9. Bd3 Bb7 10. Qd2 b4 11. axb4 Bxb4 12. 0-0 Nf6 13. f3 0-0 14. Qf2 a5 15. Nb5 d5 16. e5 Nd7 17. Nd4 Qb6 18. Nb3 Qc7 19. f4 Ba6 20. Bxa6 1/2-1/2

[Event "DEN-chT 2324 61st"]
[Site "Denmark"]
[Date "2024.01.27"]
[Round "5.4"]
[White "Percivaldi, Martin"]
[Black "Andersen, Mads"]
[Result "1-0"]
[WhiteElo "2388"]
[BlackElo "2606"]
[PlyCount "139"]
[EventDate "2023.10.28"]
[EventType "team-tourn"]
[EventRounds "9"]
[EventCountry "DEN"]
[SourceTitle "CB11_2024"]
[SourceDate "2024.03.13"]
[SourceVersion "1"]
[SourceVersionDate "2024.03.13"]
[SourceQuality "1"]
[WhiteTeam "Hillerod"]
[BlackTeam "Skanderborg Nordea"]
[WhiteTeamCountry "DEN"]
[BlackTeamCountry "DEN"]

1. d4 d5 2. Nf3 Nf6 3. Bf4 c5 4. e3 Nc6 5. Nbd2 cxd4 6. exd4 Bf5 7. c3 h6 8. Bb5 Qb6 9. Qb3 a6 10. Be2 Qa7 11. a4 b6 12. Be5 e6 13. Bxf6 gxf6 14. 0-0 Bd6 15. Rfe1 Kf8 16. Nf1 Bh7 17. Qd1 Qc7 18. Bd3 Ne7 19. Bxh7 Rxh7 20. Qd3 Rg7 21. Ng3 Bxg3 22. hxg3 Nf5 23. Rec1 Qc4 24. Qd1 Qc6 25. b3 Kg8 26. Qd3 Rg4 27. Rc2 Kh8 28. Nh2 Rg6 29. Rcc1 Qb7 30. Nf3 Rg4 31. c4 dxc4 32. bxc4 Qe4 33. Qxe4 Rxe4 34. Rab1 Nxd4 35. Nxd4 Rxd4 36. Rxb6 Rc8 37. c5 a5 38. c6 Rd6 39. g4 Kg7 40. Rc4 Kf8 41. f3 Rc7 42. Rc5 Ke7 43. Ra6 Rd4 44. Raxa5 Kd6 45. Rc2 e5 46. Kf2 Ke6 47. Ra8 f5 48. gxf5+ Kxf5 49. a5 Rd6 50. Rf8 Rd5 51. a6 Ra5 52. Ra8 Ra3 53. a7 h5 54. Kg1 Ra1+ 55. Kh2 Ra4 56. Kg3 Kf6 57. Kf2 Ra3 58. Ke2 Kf5 59. Kd2 Ra6 60. Rc4 Kf6 61. Kd3 Kf5 62. g3 Ra3+ 63. Kc2 Ke6 64. Kb2 Ra6 65. Rc3 Ke7 66. Kb3 Ra1 67. Kb4 Kf6 68. Kb5 Rb1+ 69. Kc5 Rbb7 70. Kd6 1-0

[Event "Bundesliga 2324"]
[Site "Germany"]
[Date "2024.01.14"]
[Round "6.3"]
[White "Andersen, Mads"]
[Black "Schulze, Torben"]
[Result "1/2-1/2"]
[WhiteElo "2606"]
[BlackElo "2325"]
[PlyCount "105"]
[EventDate "2023.10.21"]
[EventType "team-tourn"]
[EventRounds "15"]
[EventCountry "GER"]
[SourceTitle "CB03_2024"]
[SourceDate "2024.01.17"]
[SourceVersion "1"]
[SourceVersionDate "2024.01.17"]
[SourceQuality "1"]
[WhiteTeam "Solingen"]
[BlackTeam "Lister Turm"]
[WhiteTeamCountry "GER"]
[BlackTeamCountry "GER"]

1. e4 c6 2. d4 d5 3. e5 c5 4. c3 Nc6 5. Be2 a6 6. Nf3 Bg4 7. Nbd2 e6 8. 0-0 cxd4 9. cxd4 Nge7 10. h3 Bh5 11. Nb3 Bxf3 12. Bxf3 Nf5 13. Bg4 Be7 14. Bxf5 exf5 15. Qf3 Qd7 16. Qg3 g6 17. Bg5 Bxg5 18. Qxg5 0-0 19. Rfc1 Rfc8 20. Rc3 Nd8 21. Nc5 Qe8 22. Rac1 Rc6 23. Qd2 Rac8 24. b3 Qe7 25. a4 a5 26. Nd3 b6 27. Rxc6 Rxc6 28. Rxc6 Nxc6 29. Qc3 Qd7 30. Kf1 Nd8 31. Nf4 Ne6 32. Nxe6 fxe6 33. f4 Kf7 34. Kf2 Ke8 35. g4 Kf8 36. Kg3 Kg7 37. Qc1 h6 38. gxf5 gxf5 39. Qc3 Kh7 40. Kf2 Kh8 41. Ke2 Kh7 42. Qc1 Qg7 43. Kf3 Qe7 44. Qc6 Qb4 45. Qd7+ Kh8 46. Qe8+ Kh7 47. Qf7+ Kh8 48. Qf6+ Kh7 49. Qf7+ Kh8 50. Qxe6 Qc3+ 51. Kg2 Qd2+ 52. Kg3 Qe3+ 53. Kg2 1/2-1/2

[Event "EU-chT 24th"]
[Site "Budva"]
[Date "2023.11.17"]
[Round "6.2"]
[White "Andersen, Mads"]
[Black "Pancevski, Filip"]
[Result "1/2-1/2"]
[WhiteElo "2612"]
[BlackElo "2441"]
[PlyCount "126"]
[EventDate "2023.11.11"]
[EventType "team-swiss"]
[EventRounds "9"]
[EventCountry "MNE"]
[SourceTitle "CB47_2023"]
[SourceDate "2023.11.22"]
[SourceVersion "1"]
[SourceVersionDate "2023.11.22"]
[SourceQuality "1"]
[WhiteTeam "Denmark"]
[BlackTeam "North Macedonia"]
[WhiteTeamCountry "DEN"]
[BlackTeamCountry "MKD"]

1. e4 e5 2. Nf3 Nc6 3. Bb5 a6 4. Ba4 Nf6 5. 0-0 Be7 6. Re1 b5 7. Bb3 d6 8. c3 0-0 9. h3 Na5 10. Bc2 c5 11. d4 Qc7 12. d5 c4 13. b4 cxb3 14. axb3 Bd7 15. Bd3 Rfc8 16. Be3 Ne8 17. Re2 Nb7 18. b4 Nd8 19. Rc2 Qb7 20. g4 g6 21. Nbd2 f5 22. gxf5 gxf5 23. exf5 Nf7 24. Nh2 Nf6 25. Ne4 Qxd5 26. Nxf6+ Bxf6 27. Ng4 Bh4 28. f3 Bc6 29. Kh2 Qxf3 30. Qg1 Kh8 31. Rf1 Qd5 32. Rd2 Qb3 33. Bb1 Qxc3 34. Ba2 Ng5 35. Rxd6 Rc7 36. Rxc6 Rxc6 37. Bd5 Rd8 38. Bxc6 Qxc6 39. Nxe5 Qc7 40. Bf4 Qc2+ 41. Qg2 Qxg2+ 42. Kxg2 Kg8 43. Ra1 Rf8 44. Ng4 Ra8 45. Rc1 Nf7 46. Rc7 h5 47. Ne3 Rd8 48. Kf3 Rd4 49. Nc2 Rd3+ 50. Ke4 Rxh3 51. Rc6 Rb3 52. Rxa6 Rc3 53. Ne3 Bf2 54. Nd5 Rc4+ 55. Kf3 Bd4 56. Ra5 Be5 57. Bxe5 Nxe5+ 58. Kg3 h4+ 59. Kh3 Nf3 60. Ra8+ Kf7 61. Ra7+ Kf8 62. Ra8+ Kf7 63. Ra7+ Kf8 1/2-1/2

[Event "EU-chT 24th"]
[Site "Budva"]
[Date "2023.11.15"]
[Round "5.2"]
[White "Moussard, Jules"]
[Black "Andersen, Mads"]
[Result "1/2-1/2"]
[WhiteElo "2639"]
[BlackElo "2612"]
[PlyCount "135"]
[EventDate "2023.11.11"]
[EventType "team-swiss"]
[EventRounds "9"]
[EventCountry "MNE"]
[SourceTitle "CB47_2023"]
[SourceDate "2023.11.22"]
[SourceVersion "1"]
[SourceVersionDate "2023.11.22"]
[SourceQuality "1"]
[WhiteTeam "France"]
[BlackTeam "Denmark"]
[WhiteTeamCountry "FRA"]
[BlackTeamCountry "DEN"]

1. e4 e5 2. Nf3 Nc6 3. Bb5 a6 4. Ba4 Nf6 5. 0-0 Be7 6. Re1 b5 7. Bb3 0-0 8. a4 Bb7 9. d3 Re8 10. Bg5 h6 11. axb5 axb5 12. Rxa8 Bxa8 13. Bxf6 Bxf6 14. Nc3 b4 15. Nd5 Na5 16. Nxb4 Nxb3 17. cxb3 Qb8 18. Na2 Qb6 19. Nc3 Rb8 20. Nd2 d6 21. g3 Bg5 22. Nc4 Qxb3 23. Qxb3 Rxb3 24. Ra1 Rb8 25. Ra7 Bd8 26. b4 Bc6 27. b5 Ra8 28. Rxa8 Bxa8 29. Na5 Kf8 30. Nc6 Ke8 31. Nxd8 Kxd8 32. f4 c6 33. b6 exf4 34. gxf4 Kc8 35. Nd1 Kb7 36. Ne3 Kxb6 37. Nf5 Kc7 38. Nxg7 c5 39. Kf2 c4 40. Ke3 cxd3 41. Kxd3 Bc6 42. Nf5 h5 43. Ng3 h4 44. Nf5 h3 45. Nh6 Be8 46. Kd4 Kd7 47. Ng4 Ke7 48. Nf2 Bd7 49. f5 Bc6 50. Nxh3 Kf6 51. Nf4 Kg5 52. Nd5 Bb7 53. h3 Bc6 54. Ne7 Bb7 55. Nd5 Bc6 56. Ne7 Bb7 57. Ng8 Ba8 58. f6 Bb7 59. Ke3 Bc8 60. h4+ Kxh4 61. Kf4 Kh5 62. Ne7 Be6 63. e5 dxe5+ 64. Kxe5 Kg5 65. Ng8 Bf5 66. Ne7 Be6 67. Ng8 Bf5 68. Ne7 1/2-1/2

[Event "DEN-chT 2324 61st"]
[Site "Denmark"]
[Date "2023.10.28"]
[Round "1.2"]
[White "Andersen, Mads"]
[Black "Vasli, Aref"]
[Result "1-0"]
[WhiteElo "2606"]
[BlackElo "2392"]
[PlyCount "45"]
[EventDate "2023.10.28"]
[EventType "team-tourn"]
[EventRounds "9"]
[EventCountry "DEN"]
[SourceTitle "Mega2024 Update 01"]
[Source "Chessbase"]
[SourceDate "2023.11.12"]
[SourceVersion "1"]
[SourceVersionDate "2023.11.12"]
[SourceQuality "1"]
[WhiteTeam "Skanderborg Nordea"]
[BlackTeam "Bronshoj"]
[WhiteTeamCountry "DEN"]
[BlackTeamCountry "DEN"]

1. e4 e5 2. Nf3 Nc6 3. Bb5 Nge7 4. Nc3 d6 5. d4 Bd7 6. Bc4 h6 7. Be3 exd4 8. Nxd4 Nxd4 9. Qxd4 Nc6 10. Qd2 Ne5 11. Be2 Be7 12. f4 Ng6 13. 0-0-0 c6 14. g3 Qc7 15. Kb1 b5 16. Bf3 a5 17. Ne2 0-0 18. h4 Rfd8 19. h5 Nf8 20. g4 d5 21. exd5 Be6 22. Qc3 Bxd5 23. Bxd5 1-0

[Event "Fagernes Autumn op"]
[Site "Fagernes"]
[Date "2023.10.11"]
[Round "5"]
[White "Gorshtein, Ido"]
[Black "Andersen, Mads"]
[Result "1/2-1/2"]
[WhiteElo "2512"]
[BlackElo "2606"]
[PlyCount "62"]
[EventDate "2023.10.08"]
[EventType "swiss"]
[EventRounds "9"]
[EventCountry "NOR"]
[SourceTitle "Mega2024 Update 01"]
[Source "Chessbase"]
[SourceDate "2023.11.12"]
[SourceVersion "1"]
[SourceVersionDate "2023.11.12"]
[SourceQuality "1"]

1. d4 d5 2. c4 e6 3. Nf3 c5 4. cxd5 exd5 5. Bg5 Nf6 6. Nc3 Be6 7. g3 Nc6 8. Bg2 h6 9. Bxf6 Qxf6 10. 0-0 0-0-0 11. Qa4 Kb8 12. Rad1 a6 13. dxc5 Bxc5 14. Ne1 Bd4 15. Nd3 Rd7 16. Rc1 Rhd8 17. Nf4 g5 18. Nxe6 fxe6 19. e3 Ba7 20. b4 Ne5 21. b5 Rd6 22. bxa6 Rxa6 23. Qb5 Rb6 24. Qe2 Nc4 25. Ne4 Qe5 26. Rxc4 dxc4 27. Qxc4 Rc8 28. Qd3 Rbc6 29. Qb1 Rb6 30. Qd3 Rbc6 31. Qb1 Rb6 1/2-1/2

[Event "Fagernes Autumn op"]
[Site "Fagernes"]
[Date "2023.10.10"]
[Round "3"]
[White "Kulaots, Kaido"]
[Black "Andersen, Mads"]
[Result "1/2-1/2"]
[WhiteElo "2508"]
[BlackElo "2606"]
[PlyCount "78"]
[EventDate "2023.10.08"]
[EventType "swiss"]
[EventRounds "9"]
[EventCountry "NOR"]
[SourceTitle "Mega2024 Update 01"]
[Source "Chessbase"]
[SourceDate "2023.11.12"]
[SourceVersion "1"]
[SourceVersionDate "2023.11.12"]
[SourceQuality "1"]

1. c4 e6 2. Nc3 d5 3. d4 c5 4. cxd5 exd5 5. Nf3 Nf6 6. Bg5 Be6 7. g3 Nc6 8. Bg2 h6 9. Bxf6 Qxf6 10. 0-0 0-0-0 11. Qa4 Kb8 12. Rad1 a6 13. Rd2 g5 14. dxc5 Bxc5 15. Qd1 d4 16. Ne4 Qe7 17. Nxc5 Qxc5 18. a3 Rhe8 19. b4 Qb6 20. Qa1 g4 21. Nh4 Ne5 22. Rc1 Nc4 23. Rd3 Rd7 24. Rcd1 Red8 25. Rc1 Ka7 26. Rdd1 Qb5 27. Be4 Qe5 28. Bd3 Nb6 29. Rc5 Rd5 30. Rdc1 Na4 31. Rxd5 Bxd5 32. Ng2 Nc3 33. Nf4 Bc6 34. e3 Ne4 35. exd4 Qxd4 36. Qxd4+ Rxd4 37. Rc4 Nd2 38. Rxd4 Nf3+ 39. Kf1 Nxd4 1/2-1/2

[Event "ESP-chT CECLUB Div1"]
[Site "Linares"]
[Date "2023.08.25"]
[Round "6.2"]
[White "Svane, Frederik"]
[Black "Andersen, Mads"]
[Result "0-1"]
[WhiteElo "2634"]
[BlackElo "2610"]
[PlyCount "106"]
[EventDate "2023.08.20"]
[EventType "team-tourn"]
[EventRounds "7"]
[EventCountry "ESP"]
[SourceTitle "CBM 215 Extra"]
[Source "ChessBase"]
[SourceDate "2023.09.30"]
[SourceVersion "1"]
[SourceVersionDate "2023.09.30"]
[SourceQuality "1"]
[WhiteTeam "Sestao Hotel Naval"]
[BlackTeam "Ourense"]
[WhiteTeamCountry "ESP"]
[BlackTeamCountry "ESP"]

1. e4 e5 2. Nf3 Nc6 3. Bb5 a6 4. Ba4 Nf6 5. 0-0 Be7 6. Bxc6 dxc6 7. d3 Bd6 8. Bg5 h6 9. Bh4 Qe7 10. Nbd2 g5 11. Bg3 Bg4 12. h3 Bh5 13. d4 Nd7 14. Nc4 0-0-0 15. Qd3 Bxf3 16. Qxf3 exd4 17. Bxd6 cxd6 18. Qxf7 Qf6 19. f4 Rhf8 20. Qxf6 Nxf6 21. fxg5 hxg5 22. Rae1 d5 23. exd5 Nxd5 24. Nd6+ Kc7 25. Nf7 Rde8 26. Rxe8 Rxe8 27. Nxg5 c5 28. Nf3 Ne3 29. Rf2 Nd1 30. Rf1 Ne3 31. Re1 Kd6 32. c3 Kd5 33. cxd4 cxd4 34. Re2 Ke4 35. Rd2 d3 36. Ne1 Rd8 37. b3 b5 38. g4 Nc4 39. Rxd3 Rxd3 40. Nxd3 Kxd3 41. Kf2 Ne5 42. g5 Ke4 43. h4 Kf4 44. Ke2 b4 45. g6 Nxg6 46. Kd3 Ne5+ 47. Kd4 a5 48. h5 Nf3+ 49. Kc4 Kg5 50. Kb5 Nd4+ 51. Kxa5 Nc2 52. Kb5 Kxh5 53. Kc4 Kg5 0-1

[Event "ESP-chT CECLUB Div1"]
[Site "Linares"]
[Date "2023.08.20"]
[Round "1.2"]
[White "Bacallao Alonso, Yusnel"]
[Black "Andersen, Mads"]
[Result "1/2-1/2"]
[WhiteElo "2587"]
[BlackElo "2610"]
[PlyCount "62"]
[EventDate "2023.08.20"]
[EventType "team-tourn"]
[EventRounds "7"]
[EventCountry "ESP"]
[SourceTitle "CBM 215 Extra"]
[Source "ChessBase"]
[SourceDate "2023.09.30"]
[SourceVersion "1"]
[SourceVersionDate "2023.09.30"]
[SourceQuality "1"]
[WhiteTeam "Oromana CEN Solutions"]
[BlackTeam "Ourense"]
[WhiteTeamCountry "ESP"]
[BlackTeamCountry "ESP"]

1. d4 d5 2. c4 e6 3. Nf3 c5 4. cxd5 exd5 5. g3 Nf6 6. Bg2 Nc6 7. 0-0 Be7 8. Nc3 0-0 9. dxc5 Bxc5 10. Bg5 d4 11. Ne4 Be7 12. Bxf6 Bxf6 13. b4 Nxb4 14. Nxf6+ Qxf6 15. Qxd4 Qe7 16. Qf4 Nc6 17. e3 Rd8 18. Rfc1 Be6 19. Ne5 Nxe5 20. Qxe5 Rd7 21. a4 Rad8 22. a5 g6 23. Rab1 Qa3 24. h4 h5 25. Rc7 Rxc7 26. Qxc7 Rc8 27. Qe5 Qc5 28. Qf6 Bd5 29. Qe5 Bxg2 30. Qxc5 Rxc5 31. Kxg2 Rxa5 1/2-1/2

[Event "DEN-ch Blitz op"]
[Site "Avedore"]
[Date "2023.05.14"]
[Round "1"]
[White "Thorsbro, Peter"]
[Black "Andersen, Mads"]
[Result "0-1"]
[WhiteElo "2165"]
[BlackElo "2615"]
[PlyCount "58"]
[EventDate "2023.05.14"]
[EventType "swiss (blitz)"]
[EventRounds "13"]
[EventCountry "DEN"]
[SourceTitle "CBM 214 Extra"]
[Source "ChessBase"]
[SourceDate "2023.07.31"]
[SourceVersion "1"]
[SourceVersionDate "2023.07.31"]
[SourceQuality "1"]

1. d4 d5 2. Nf3 c5 3. g3 cxd4 4. Bg2 Nf6 5. b3 h5 6. Bb2 h4 7. Nxh4 e5 8. 0-0 Nc6 9. c3 e4 10. Qd2 g5 11. Qxg5 Bh6 12. Qf5 Bxf5 13. Nxf5 Bf8 14. cxd4 Qd7 15. Ne3 Bh6 16. Nc2 Rc8 17. e3 Bf8 18. Nd2 Nb4 19. Nxb4 Bxb4 20. Nb1 Rc2 21. Ba3 a5 22. Bxb4 axb4 23. a3 0-0 24. axb4 Rfc8 25. Na3 Rb2 26. Rab1 Rxb1 27. Nxb1 Qb5 28. f3 Qxb4 29. fxe4 Nxe4 0-1

[Event "DEN-ch Rapid op"]
[Site "Avedore"]
[Date "2023.05.13"]
[Round "5"]
[White "Sylvan, Jacob"]
[Black "Andersen, Mads"]
[Result "0-1"]
[WhiteElo "2325"]
[BlackElo "2615"]
[PlyCount "98"]
[EventDate "2023.05.13"]
[EventType "swiss (rapid)"]
[EventRounds "7"]
[EventCountry "DEN"]
[SourceTitle "CBM 214 Extra"]
[Source "ChessBase"]
[SourceDate "2023.07.31"]
[SourceVersion "1"]
[SourceVersionDate "2023.07.31"]
[SourceQuality "1"]

1. e4 e5 2. Nf3 Nc6 3. Bb5 a6 4. Ba4 Nf6 5. 0-0 Be7 6. Re1 b5 7. Bb3 0-0 8. c3 d5 9. exd5 Nxd5 10. Nxe5 Nxe5 11. Rxe5 c6 12. d3 Bd6 13. Re1 Bf5 14. Qf3 Re8 15. Be3 Bxd3 16. Nd2 Bg6 17. Bd4 Qg5 18. Nf1 a5 19. Bxd5 cxd5 20. Ne3 Re4 21. g3 Rae8 22. Ng2 Qd2 23. Rxe4 Rxe4 24. Qd1 Qxb2 25. Ne3 Bh5 26. Qf1 Be2 27. Rb1 Qxa2 28. Qc1 a4 29. Ra1 Qb3 30. Bxg7 Be7 31. Nf5 f6 32. Nxe7+ Kxg7 33. Nf5+ Kg6 34. Nd6 Re6 35. Ra3 Qd1+ 36. Qxd1 Bxd1 37. Nxb5 Re1+ 38. Kg2 Kf5 39. Ra2 Ke4 40. Rd2 Bf3+ 41. Kh3 Rb1 42. Rd4+ Ke5 43. Na3 Rb3 44. Rxa4 Rxc3 45. Nb5 Rc4 46. Ra3 Bg4+ 47. Kg2 d4 48. Ra8 Bd7 49. Rd8 Bxb5 0-1

[Event "DEN-chT 2223 60th"]
[Site "Denmark"]
[Date "2022.10.29"]
[Round "1.4"]
[White "Andersen, Mads"]
[Black "Christensen, Stefan"]
[Result "1-0"]
[WhiteElo "2604"]
[BlackElo "2293"]
[PlyCount "77"]
[EventDate "2022.10.29"]
[EventType "team-tourn"]
[EventRounds "9"]
[EventCountry "DEN"]
[SourceTitle "EXT 2024"]
[Source "ChessBase"]
[SourceDate "2023.10.10"]
[SourceVersion "1"]
[SourceVersionDate "2023.10.10"]
[SourceQuality "1"]
[WhiteTeam "Skanderborg Nordea"]
[BlackTeam "Obro"]
[WhiteTeamCountry "DEN"]
[BlackTeamCountry "DEN"]

1. e4 c6 2. Nf3 d5 3. Nc3 Bg4 4. h3 Bxf3 5. Qxf3 e6 6. Be2 Nf6 7. 0-0 Nbd7 8. d4 dxe4 9. Nxe4 Nxe4 10. Qxe4 Nf6 11. Qe3 Bd6 12. a4 0-0 13. a5 Re8 14. Qf3 Qc7 15. Rd1 e5 16. dxe5 Bxe5 17. c3 Rad8 18. Rxd8 Rxd8 19. g3 Nd7 20. Be3 b6 21. axb6 axb6 22. Kg2 Bd6 23. h4 Re8 24. h5 h6 25. Bd1 Ne5 26. Qe4 Rf8 27. Bb3 Kh8 28. Qf5 Qc8 29. Qxc8 Rxc8 30. f4 Ng4 31. Bg1 Rf8 32. Ra6 Bc5 33. Bxc5 bxc5 34. Rxc6 Kg8 35. Rc7 Rb8 36. Bxf7+ Kf8 37. b3 Ne3+ 38. Kf3 Nd1 39. Bc4 1-0

[Event "Fagernes Autumn op"]
[Site "Fagernes"]
[Date "2022.10.14"]
[Round "7"]
[White "Praggnanandhaa, Rameshbabu"]
[Black "Andersen, Mads"]
[Result "1/2-1/2"]
[WhiteElo "2687"]
[BlackElo "2604"]
[PlyCount "92"]
[EventDate "2022.10.09"]
[EventType "swiss"]
[EventRounds "9"]
[EventCountry "NOR"]
[SourceTitle "CBM 210 Extra"]
[Source "ChessBase"]
[SourceDate "2022.11.30"]
[SourceVersion "1"]
[SourceVersionDate "2022.11.30"]
[SourceQuality "1"]

1. d4 d5 2. c4 dxc4 3. Nf3 Nf6 4. e3 e6 5. Bxc4 c5 6. 0-0 a6 7. Re1 Nc6 8. Bd3 b6 9. Nc3 Bb7 10. a3 Rc8 11. Ne4 Nxe4 12. Bxe4 Rc7 13. Qb3 b5 14. Bd2 c4 15. Qc2 Bd6 16. Bxc6+ Rxc6 17. d5 Rc8 18. e4 Bc5 19. Bb4 0-0 20. dxe6 fxe6 21. Bxc5 Rxc5 22. Rad1 Qe7 23. Qc3 Rcc8 24. Qe5 Rc5 25. Qd6 Qxd6 26. Rxd6 Bc8 27. Nd4 e5 28. Ne2 Rf6 29. Rd8+ Rf8 30. Rd6 Rf6 31. Red1 Rxd6 32. Rxd6 Rc7 33. Rd8+ Kf7 34. Nc3 Bb7 35. Kf1 Ke7 36. Rg8 Kd6 37. Ke2 Bc6 38. Rd8+ Rd7 39. Rb8 Kc7 40. Re8 Rd2+ 41. Kxd2 Bxe8 42. a4 Kd6 43. axb5 axb5 44. Na2 Kc5 45. Kc3 g5 46. g4 Bg6 1/2-1/2

[Event "Fagernes Autumn op"]
[Site "Fagernes"]
[Date "2022.10.11"]
[Round "3"]
[White "Ghazarian, Kirk Vagho"]
[Black "Andersen, Mads"]
[Result "1/2-1/2"]
[WhiteElo "2446"]
[BlackElo "2604"]
[PlyCount "48"]
[EventDate "2022.10.09"]
[EventType "swiss"]
[EventRounds "9"]
[EventCountry "NOR"]
[SourceTitle "CBM 210 Extra"]
[Source "ChessBase"]
[SourceDate "2022.11.30"]
[SourceVersion "1"]
[SourceVersionDate "2022.11.30"]
[SourceQuality "1"]

1. d4 d5 2. c4 dxc4 3. Nf3 Nf6 4. e3 e6 5. Bxc4 c5 6. 0-0 a6 7. e4 b5 8. Be2 Nxe4 9. a4 b4 10. Nbd2 Bb7 11. Nxe4 Bxe4 12. Be3 cxd4 13. Nxd4 Nc6 14. Bf3 Bxf3 15. Qxf3 Nxd4 16. Bxd4 Qd5 17. Qe3 Be7 18. Rfd1 Qg5 19. Qxg5 Bxg5 20. Bxg7 Rg8 21. Be5 h5 22. f4 Be7 23. Rac1 f6 24. Bd4 Kf7 1/2-1/2